1980 1711 1533 1717 1637 1955 1389 1737 1422 1378 1652 1040 1835 1758 1706 1409 1317 1171 2000 1809 1106 1585 1888 1406 1147 1111 1951 1030 1246 1167 1448 1637 1698 1616 1696 1334 1187 1297 1241 1385 1486 1186 1647 1221 1005 1845 1967 1219 1289 1361 1259 1787 1614 1521 1786 1242 1402 1709 1646 1943 1319 1105 1268 1950 1158 1542 1004 1864 1411 1473 1291 1469 1145 1742 1107 1443 1471 1712 1873 1297 1972 1449 1167 1595 1698 1776 1785 1682 1422 1722 1107 1957 1714 1319 1330 1618 1455 1278 1380 BCNSPRNW ULIB Ver.6.0+V

เปลี่ยนเป็นภาษาไทย

Change to English
 แสดงรายละเอียดบรรณานุกรม
  กลับหน้าหลัก

Brief Record : Get Marc (ISO 2709) : E-mail record : QR code < ปิดหน้าต่าง
LEADER : 00000nam 2200000uu 4500
001    13399114684
003     ULIB
008    110627s2550||||th 000 0 tha d
020    978
090    นว.^bส731น
100 0  สิรินดา
245 00 นิยามรักหัวใจร็อค/^cสิรินดา
250    พิมพ์ครั้งที่ 1
260    กรุงเทพฯ :^bแจ่มใส,^c2550
300    335 หน้า
710 1  แจ่มใส
945    ^p209^l0^i022042
995    ทศพร
999 ^a ใช้งานได้ทุกระบบ
รายการนี้ยังไม่มีแท็ก
คุณยังไม่ได้ล็อกอิน คุณสามารถมีกิจกรรมร่วมกับเว็บไซต์ได้ แต่ต้องล็อกอินก่อน ::
  ล็อกอิน

รายการสื่อสารสนเทศ

ลำดับที่ ประเภท เลขเรียก/บาร์โค้ด สถานที่ สถานะ
1. นวนิยาย
นวนิยาย
นว. ส731น  
  Barcode: 022042
ห้องสมุดวิทยาเขตสวรรค์ประชารักษ์
►นวนิยาย
บนชั้น
  ขอยืม

รายการใกล้เคียง
    ผู้แต่ง [สิรินดา]

BibComment


ยังไม่เคยถูกคอมเมนท์

คอมเมนท์ทรัพยากรรายการนี้
  คอมเมนท์: นิยามรักหัวใจร็อค..


 Copyright 2026. Bcnsprnw @Library